<?xml version="1.0" encoding="UTF-8"?><?xml-stylesheet type="text/xsl" href="static/style.xsl"?><OAI-PMH xmlns="http://www.openarchives.org/OAI/2.0/" xmlns:xsi="http://www.w3.org/2001/XMLSchema-instance" xsi:schemaLocation="http://www.openarchives.org/OAI/2.0/ http://www.openarchives.org/OAI/2.0/OAI-PMH.xsd"><responseDate>2026-04-17T05:38:36Z</responseDate><request verb="GetRecord" identifier="oai:www.recercat.cat:10230/70932" metadataPrefix="marc">https://recercat.cat/oai/request</request><GetRecord><record><header><identifier>oai:recercat.cat:10230/70932</identifier><datestamp>2025-07-17T19:20:03Z</datestamp><setSpec>com_2072_6</setSpec><setSpec>col_2072_452952</setSpec></header><metadata><record xmlns="http://www.loc.gov/MARC21/slim" xmlns:dcterms="http://purl.org/dc/terms/" xmlns:xsi="http://www.w3.org/2001/XMLSchema-instance" xmlns:doc="http://www.lyncode.com/xoai" xsi:schemaLocation="http://www.loc.gov/MARC21/slim http://www.loc.gov/standards/marcxml/schema/MARC21slim.xsd">
   <leader>00925njm 22002777a 4500</leader>
   <datafield ind2=" " ind1=" " tag="042">
      <subfield code="a">dc</subfield>
   </datafield>
   <datafield ind2=" " ind1=" " tag="720">
      <subfield code="a">Salazar de Pablo, Gonzalo</subfield>
      <subfield code="e">author</subfield>
   </datafield>
   <datafield ind2=" " ind1=" " tag="720">
      <subfield code="a">Guinart, Dani</subfield>
      <subfield code="e">author</subfield>
   </datafield>
   <datafield ind2=" " ind1=" " tag="720">
      <subfield code="a">Armendariz, Alvaro</subfield>
      <subfield code="e">author</subfield>
   </datafield>
   <datafield ind2=" " ind1=" " tag="720">
      <subfield code="a">Aymerich Nicolas, Claudia</subfield>
      <subfield code="e">author</subfield>
   </datafield>
   <datafield ind2=" " ind1=" " tag="720">
      <subfield code="a">Catalan, Ana</subfield>
      <subfield code="e">author</subfield>
   </datafield>
   <datafield ind2=" " ind1=" " tag="720">
      <subfield code="a">Alameda, Luis</subfield>
      <subfield code="e">author</subfield>
   </datafield>
   <datafield ind2=" " ind1=" " tag="720">
      <subfield code="a">Rogdaki, Maria</subfield>
      <subfield code="e">author</subfield>
   </datafield>
   <datafield ind2=" " ind1=" " tag="720">
      <subfield code="a">Martínez Baringo, Estrella</subfield>
      <subfield code="e">author</subfield>
   </datafield>
   <datafield ind2=" " ind1=" " tag="720">
      <subfield code="a">Soler-Vidal, Joan</subfield>
      <subfield code="e">author</subfield>
   </datafield>
   <datafield ind2=" " ind1=" " tag="720">
      <subfield code="a">Oliver, Dominic</subfield>
      <subfield code="e">author</subfield>
   </datafield>
   <datafield ind2=" " ind1=" " tag="720">
      <subfield code="a">Rubio, José Manuel</subfield>
      <subfield code="e">author</subfield>
   </datafield>
   <datafield ind2=" " ind1=" " tag="720">
      <subfield code="a">Arango, Celso</subfield>
      <subfield code="e">author</subfield>
   </datafield>
   <datafield ind2=" " ind1=" " tag="720">
      <subfield code="a">Kane, John M.</subfield>
      <subfield code="e">author</subfield>
   </datafield>
   <datafield ind2=" " ind1=" " tag="720">
      <subfield code="a">Fusar-Poli, Paolo</subfield>
      <subfield code="e">author</subfield>
   </datafield>
   <datafield ind2=" " ind1=" " tag="720">
      <subfield code="a">Correll, Christoph U.</subfield>
      <subfield code="e">author</subfield>
   </datafield>
   <datafield ind2=" " ind1=" " tag="260">
      <subfield code="c">2025-07-16T07:34:55Z</subfield>
   </datafield>
   <datafield ind2=" " ind1=" " tag="260">
      <subfield code="c">2025-07-16T07:34:55Z</subfield>
   </datafield>
   <datafield ind2=" " ind1=" " tag="260">
      <subfield code="c">2024</subfield>
   </datafield>
   <datafield ind2=" " ind1=" " tag="520">
      <subfield code="a">Background: The role of duration of untreated psychosis (DUP) as an early detection and intervention target to improve outcomes for individuals with first-episode psychosis is unknown. Study design: PRISMA/MOOSE-compliant systematic review to identify studies until February 1, 2023, with an intervention and a control group, reporting DUP in both groups. Random effects meta-analysis to evaluate (1) differences in DUP in early detection/intervention services vs the control group, (2) the efficacy of early detection strategies regarding eight real-world outcomes at baseline (service entry), and (3) the efficacy of early intervention strategies on ten real-world outcomes at follow-up. We conducted quality assessment, heterogeneity, publication bias, and meta-regression analyses (PROSPERO: CRD42020163640). Study results: From 6229 citations, 33 intervention studies were retrieved. The intervention group achieved a small DUP reduction (Hedges' g = 0.168, 95% CI = 0.055-0.283) vs the control group. The early detection group had better functioning levels (g = 0.281, 95% CI = 0.073-0.488) at baseline. Both groups did not differ regarding total psychopathology, admission rates, quality of life, positive/negative/depressive symptoms, and employment rates (P > .05). Early interventions improved quality of life (g = 0.600, 95% CI = 0.408-0.791), employment rates (g = 0.427, 95% CI = 0.135-0.718), negative symptoms (g = 0.417, 95% CI = 0.153-0.682), relapse rates (g = 0.364, 95% CI = 0.117-0.612), admissions rates (g = 0.335, 95% CI = 0.198-0.468), total psychopathology (g = 0.298, 95% CI = 0.014-0.582), depressive symptoms (g = 0.268, 95% CI = 0.008-0.528), and functioning (g = 0.180, 95% CI = 0.065-0.295) at follow-up but not positive symptoms or remission (P > .05). Conclusions: Comparing interventions targeting DUP and control groups, the impact of early detection strategies on DUP and other correlates is limited. However, the impact of early intervention was significant regarding relevant outcomes, underscoring the importance of supporting early intervention services worldwide.</subfield>
   </datafield>
   <datafield ind1="8" ind2=" " tag="024">
      <subfield code="a">http://hdl.handle.net/10230/70932</subfield>
   </datafield>
   <datafield tag="653" ind2=" " ind1=" ">
      <subfield code="a">Duration of untreated psychosis</subfield>
   </datafield>
   <datafield tag="653" ind2=" " ind1=" ">
      <subfield code="a">Early detection</subfield>
   </datafield>
   <datafield tag="653" ind2=" " ind1=" ">
      <subfield code="a">Early intervention</subfield>
   </datafield>
   <datafield tag="653" ind2=" " ind1=" ">
      <subfield code="a">Meta-analysis</subfield>
   </datafield>
   <datafield tag="653" ind2=" " ind1=" ">
      <subfield code="a">Outcome</subfield>
   </datafield>
   <datafield ind2="0" ind1="0" tag="245">
      <subfield code="a">Duration of untreated psychosis and outcomes in first-episode psychosis: systematic review and meta-analysis of early detection and intervention strategies</subfield>
   </datafield>
</record></metadata></record></GetRecord></OAI-PMH>